000 00705nam a2200241Ia 4500
003 OSt
005 20220923224040.0
006 a|||||r|||| 00| 0
007 ta
008 220922b |||||||| |||| 00| 0 hin d
024 _a224,479
037 _cTextual
040 _aARTS
_cARTS
_bhin
041 _2hin
_ahin
082 _aO152,3N35x, N9
100 _aसहगल, हरदर्शन
245 0 _aसरहद पर सुलह
246 _aSarahad par sulaha
260 _aदिल्ली
_b मेधा बुक्स
_c1999
300 _a159पृ.
_ccm.
942 _hO152,3N35x, N9
_cTEXL
_2CC
999 _c368885
_d368885